000 00692nam a2200217 a 4500
001 16316
003 CO-ViMGA
008 141112s2004 ck r 000 u spa d
020 _a9583008273
040 _aCO-ViMGA
_bspa
_cCO-ViMGA
082 0 4 _a370.155 C178c
100 1 _aCarvajal Corzo, Guillermo
_923338
245 1 0 _aCartas a Andres :
_bCómo formar un demócrata sin corromperlo
260 _aBogotá :
_bPanAméricana,
_c2002
300 _a680.p.
490 _aEnsayo
590 _aForma de adquisición : Premio - Mincultura
650 1 4 _aeducación - ENSAYOS - CONFERENCIAS, ETC
_923339
650 1 4 _aeducación PSICOMOTRIZ - ENSAYOS - CONFERENCIAS, ETC
_923340
942 _2ddc
_cBK
999 _c26208
_d26208